|
|
|
|
| LEADER |
00000nab a2200000 a 4500 |
| 001 |
vtls010324978 |
| 003 |
SK-MaSNL |
| 005 |
20260318123836.0 |
| 008 |
111118c2011 xo wr p 000 c0ukr |
| 015 |
|
|
|a SNBRB2011/11
|
| 038 |
|
|
|a SVKPOCL
|
| 040 |
|
|
|a SVKPOCL
|b slo
|c SVKPOCL
|e AACR2
|
| 041 |
0 |
|
|a ukr
|
| 044 |
|
|
|a xo
|c SK
|
| 080 |
|
|
|a 821.161.2(437.6)-051
|2 2001
|
| 080 |
|
|
|a 929 Duchnovyč, Oleksandr
|2 2001
|
| 100 |
1 |
|
|a Havroš, Oleksandr,
|d 1971-
|4 aut
|9 839062
|
| 245 |
1 |
0 |
|a Duchnovyč jak prapor
|b jak iz najbil'šoho zakarpats'koho sobornyka tvorjat' separatysta
|c Oleksandr Havroš
|
| 500 |
|
|
|a Článok bol publikovaný aj v novinách Ukrajins'kyj tyžden'. - 18.4.2011
|
| 600 |
1 |
7 |
|a Duchnovyč, Oleksandr,
|d 1803-1865
|2 svkpocl
|9 192471
|
| 650 |
0 |
7 |
|a ukrajinskí spisovatelia
|2 svkpocl
|9 66678
|
| 651 |
|
7 |
|a Slovensko
|2 svkpocl
|9 14231
|
| 651 |
|
7 |
|a Ukrajina
|2 svkpocl
|9 168045
|
| 773 |
0 |
|
|t Nove žyttja
|g Roč. 61, č. 15-16 (2011), s. 5 a 6
|
| 852 |
|
|
|a SVKPO
|b KIS3GCP
|
| 856 |
4 |
1 |
|u www.rusini-ukrajinci.tym.sk
|
| 958 |
|
|
|a UK
|
| 958 |
|
|
|a SK
|
| 958 |
|
|
|a RN
|
| 958 |
|
|
|a UA
|
| 958 |
|
|
|a LX
|
| 958 |
|
|
|a BX
|
| 999 |
|
|
|c 2705721
|d 2707651
|